000 00446pab a2200169 454500
008 180718b2012 xxu||||| |||| 00| 0 eng d
100 _aMal, Bimal Chandra
245 _aUpgradation of technical education in Chhattisgarh
260 _c2012
300 _ap.99-100.
362 _a22 Oct
650 _aTechnical education - india - Chhattisgarh
650 _aTechnical education
773 _aUniversity News
908 _aN
909 _a97829
999 _c97828
_d97828